Statistics for Arkham Asylum Trivia

Click here to take the quiz!

General Stats

  • This quiz has been taken 57 times
    (45 since last reset)
  • The average score is 11 of 19

Answer Stats

HintAnswer% Correct
The city in which Arkham Asylum is situatedGotham City
94%
Former psychiatric intern who was seduced by Arkham's most infamous patientDr. Harleen Quinzel
81%
Former psychologist who performed experiments on Arkham's patients using a fear toxinDr. Jonathan Crane
81%
Respected chief of security at Arkham whose hand was bitten off by Killer CrocAaron Cash
75%
Founder of Arkham Asylum{Amadeus} Arkham
72%
Batman Begins
72%
Former warden of Arkham who correctly deduced the secret identity of BatmanProf. Hugo Strange
66%
Arkham Asylum is usually depicted as being built in this architectural styleGothic
63%
The Batman
63%
Batman & Robin
59%
Name all of the live-action films in which Arkham Asylum has appearedBatman Forever
59%
Decade that Arkham Asylum first appeared in comics1970s
56%
Arkham's counterpart for inmates who are not criminally insaneBlackgate Penitentiary
56%
Justice League
44%
Suicide Squad
41%
The asylum was named after Arkham Sanitarium, a fictional hospital created by this horror writerH.P. Lovecraft
34%
Both Arkham Asylum and Arkham Sanitarium were based on the real-life Danvers State Hospital in this US stateMassachusetts
22%
Nephew of above and current director of Arkham{Jeremiah} Arkham
19%
Joker
16%

Score Distribution

Percentile by Number Answered

Percent of People with Each Score

Your Score History

You have not taken this quiz since the last reset